000 00357cam a22001097a 4500
008 180718b1965 xxu||||| |||| 00| 0 eng d
082 _aR5x42 Un3w/1964-65
245 _aWool industry training board: report
_cby The House of Commons
260 _aLondon
_bHer Majesty's Stationery Office
_c1965
300 _a10p
700 _aU.K. Her Majesty's Stationery Office
999 _c496072
_d496072